000 00594nam a22001937a 4500
003 NUST
005 20230302124314.0
008 190807b ||||| |||| 00| 0 eng d
038 _aMr. Noman
082 _a658
100 _aZain Ul Abideen
_919177
245 _aImportance of logistics & supply chain Management as competitive advantage and in firm's financial performance
_cZain Ul Abideen
260 _aIslamabad:
_bNBS - NUST,
_c2012.
300 _a61 p.: ill.;
_c30cm.
500 _aHardcover.
650 _aMBA Thesis.
_917629
700 _aKamran Khalid.
_918195
942 _2ddc
_cTHE
999 _c527760
_d527760